Estadísticas para Rosco de Pasapalabra #42

Haz click aquí para intentar la prueba.

Estadísticas generales

  • Esta prueba ha sido intentada 71 veces
  • La puntuación promedio es 14 de 25

Estadísticas de respuestas

InicialDefiniciónRespuesta% Correcto
DDefecto de la vista que consiste en no percibir determinados colores o en confundir algunos de ellosDaltonismo
98%
BHacer lo necesario para encontrar algo o a alguienBuscar
96%
FLoncha delgada de carne magra o de pescado limpio de raspasFilete
89%
RDar a alguien o a algo un aspecto más jovenRejuvenecer
87%
HPieza de metal con un clavo articulado en una varilla, que sirve para sujetar una correa o cinturónHebilla
85%
VParticipio del verbo venirVenido
83%
JNatural del país americano con capital en KingstonJamaicano
81%
OInterjección de entusiasmo usada para animar y aplaudir, habitual en el toreo y en espectáculos de flamencoOlé
81%
Contiene la XPies y manos del ser humanoExtremidades
79%
Contiene la QMechón de pelo que cae sobre la frenteFlequillo
79%
Contiene la YIntroducir en el cuerpo, con una aguja unida a una jeringuilla, un líquido o una disolución de un medicamentoInyectar
79%
ADolores musculares que se sienten tras un esfuerzo intenso y no habitualAgujetas
77%
Contiene la ÑCartera pequeña que se lleva sujeta a la cinturaRiñonera
74%
SSe dice de la persona que dice o expresa lo que realmente piensa o siente, sin fingimientoSincero
68%
MPersona que supuestamente adivina el pensamiento o realiza hechos sorprendentes con el poder de su menteMentalista
66%
CFenómeno de unirse dos palabras en una, con pérdida de alguna vocal, como en 'al' o 'del'Contracción
51%
LMedida itineraria que, en el antiguo sistema español, equivale aproximadamente a cinco kilómetros y medioLegua
51%
TEn la mitología escandinava, monstruo maligno que habita en bosques o grutasTrol
42%
EArticular, distribuir u ordenar las partes de un conjuntoEstructurar
13%
IResistencia que presenta un circuito a una corriente alternaImpedancia
13%
ZFiesta bulliciosa con baile que se hacía entre los moriscosZambra
9%
GTítulo de la película de 1983, dirigida por Bruno Barreto y protagonizada por Sônia Braga y Marcello MastroianGabriela
8%
NEstanque pequeño donde se tienen pecesNansa
8%
PApellido del atleta que ganó la medalla de oro en la prueba de 50 kilómetros marcha en los JJOO de 1964Pamich
6%
UAstronomía descriptivaUranografía
6%

Distribución de puntuación

Porcentaje por número respondido

Porcentaje de gente con cada puntuación

Historial de tus puntuaciones

No has intentado esta prueba.